ព្រះវេស្សន្តរ : (Record no. 6111)

MARC details
000 -LEADER
fixed length control field 00764nam a22002297a 4500
001 - CONTROL NUMBER
control field 6111
003 - CONTROL NUMBER IDENTIFIER
control field FISKH
005 - DATE AND TIME OF LATEST TRANSACTION
control field 20250421091052.0
008 - FIXED-LENGTH DATA ELEMENTS--GENERAL INFORMATION
fixed length control field 250314b cb ||||| |||| 00| 0 eng d
040 ## - CATALOGING SOURCE
Original cataloging agency FISKH
Language of cataloging Khmer
Transcribing agency FISKH
Modifying agency FISKH
050 ## - LIBRARY OF CONGRESS CALL NUMBER
Classification number PZ7
082 ## - DEWEY DECIMAL CLASSIFICATION NUMBER
Classification number 900
100 ## - MAIN ENTRY--PERSONAL NAME
Personal name Leangkim, Eung
245 ## - TITLE STATEMENT
Title ព្រះវេស្សន្តរ :
Remainder of title អត្ថបទរឿងអមដោយរូបភាព​ /
Statement of responsibility, etc. អុឺង លាងគឺម
260 ## - PUBLICATION, DISTRIBUTION, ETC.
Place of publication, distribution, etc. Phnom Penh :
Date of publication, distribution, etc. 2014.
300 ## - PHYSICAL DESCRIPTION
Extent 45 pages :
Other physical details illustrations ;
Dimensions 20 cm .
650 ## - SUBJECT ADDED ENTRY--TOPICAL TERM
Topical term or geographic name entry element ព្រះវេស្សន្តរ
650 ## - SUBJECT ADDED ENTRY--TOPICAL TERM
Topical term or geographic name entry element Preah Ve sSon Dor
700 ## - ADDED ENTRY--PERSONAL NAME
Personal name មាន ទិដ្ឌភាព
Relator term រូបភាពគំនូរ
942 ## - ADDED ENTRY ELEMENTS (KOHA)
Source of classification or shelving scheme Dewey Decimal Classification
Koha item type Books
Suppress in OPAC No
Holdings
Withdrawn status Lost status Source of classification or shelving scheme Damaged status Not for loan Collection Home library Current library Shelving location Date acquired Total Checkouts Full call number Barcode Date last seen Copy number Price effective from Koha item type
    Dewey Decimal Classification     Khmer Language Books / សៀវភៅភាសាខ្មែរ Footprints International School Library Network Toul Tom Poung Campus Footprints International School Library Network Toul Tom Poung Campus TTP Secondary Khmer Bookshelves 03/14/2025   LEA PZ7 900 FISSE01732 03/14/2025 1 03/14/2025 Books
    Dewey Decimal Classification     Khmer Language Books / សៀវភៅភាសាខ្មែរ Footprints International School Library Network Toul Tom Poung Campus Footprints International School Library Network Toul Tom Poung Campus TTP Secondary Khmer Bookshelves 04/09/2025   LEA PZ7 900 FISSE01661 04/09/2025 2 04/09/2025 Books